000 00389nam a2200145 i 4500
001 67955
003 ES-MaACL
005 20230906170158.0
007 t|
008 040216s1915 xxk ||||1| spa d
100 1 _aGamarra, M.
_953743
245 1 3 _aUn sacerdote sudamericano en Bélgica /
_cM. Gamarra.
260 _aLondres :
_bEyre & Spottiswoode,
_c1915.
852 _aES-MaACL
_j1502-F-20
999 _c67955
_d67955